00743nam a2200253 a 4500001001300000003000900013005001700022008004100039020001000080082001500090100001500105245002000120260003000140300000900170500003500179505001700214650002300231700001500254902000800269942000700277952009400284952009600378999001500474nice12345678IN_TiNIC20260116011508.0050524s1944 lona grp 000 0 eng  ac10000a275.4bHOD aHodge, J Z aSalute to India aLondonbS C M Pressc1944 a127p aincludes index and biblioraphy2 aBibliography aChristianity-India1 aHodge, J Z bSRS cBK 00104070aHMIbHMId0000-00-00g100.00l0o275.4 HODp3348r0000-00-00w2026-01-16yEB 00104070aHMIbHMId0000-00-00g100.00l0o275.4 HODp16450r0000-00-00w2026-01-16yARB c2036d2036